Escritores en la Luna de Papel / (Record no. 180004)

MARC details
000 -LEADER
campo de control de longitud fija 00991nam a2200265 i 4500
001 - NÚMERO DE CONTROL
campo de control 180004
003 - IDENTIFICADOR DE NÚMERO DE CONTROL
campo de control ES-MaACL
005 - FECHA Y HORA DE LA ÚLTIMA TRANSACCIÓN
campo de control 20250822050542.0
008 - DATOS DE LONGITUD FIJA--INFORMACIÓN GENERAL
campo de control de longitud fija 120314s2007 sp ap |||| |dspa d
020 ## - NÚMERO INTERNACIONAL ESTÁNDAR DEL LIBRO
Número Internacional Estándar del Libro 978-84-96890-27-5
080 ## - NÚMERO DE LA CLASIFICACIÓN DECIMAL UNIVERSAL
Número de la Clasificación Decimal Universal 016:82-93
080 ## - NÚMERO DE LA CLASIFICACIÓN DECIMAL UNIVERSAL
Número de la Clasificación Decimal Universal 028.6
245 00 - MENCIÓN DEL TÍTULO
Título Escritores en la Luna de Papel /
Mención de responsabilidad, etc. [compiladores], Pedro C. Cerrillo, Santiago Yubero.
260 ## - PUBLICACIÓN, DISTRIBUCIÓN, ETC.
Lugar de publicación, distribución, etc. Cuenca :
Nombre del editor, distribuidor, etc. Diputación Provincial de Cuenca, Sección de Publicaciones,
Fecha de publicación, distribución, etc. 2007.
300 ## - DESCRIPCIÓN FÍSICA
Extensión 108 p. :
Otras características físicas il. ;
Dimensiones 20 x 20 cm.
505 8# - NOTA DE CONTENIDO CON FORMATO
Nota de contenido con formato Contiene: Escritores españoles - Escritores extranjeros
650 04 - PUNTO DE ACCESO ADICIONAL DE MATERIA--TÉRMINO DE MATERIA
Término de materia o nombre geográfico como elemento de entrada Literatura infantil-
Subdivisión de forma Biobibliografías.
9 (RLIN) 149616
650 #7 - PUNTO DE ACCESO ADICIONAL DE MATERIA--TÉRMINO DE MATERIA
Término de materia o nombre geográfico como elemento de entrada Animación a la lectura
Fuente del encabezamiento o término embne
9 (RLIN) 9827
700 1# - ENTRADA AGREGADA--NOMBRE PERSONAL
Nombre de persona Cerrillo, Pedro.
9 (RLIN) 148376
700 1# - ENTRADA AGREGADA--NOMBRE PERSONAL
Nombre de persona Yubero Jiménez, Santiago.
9 (RLIN) 149615
710 1# - ENTRADA AGREGADA--NOMBRE DE ENTIDAD CORPORATIVA
Nombre de entidad corporativa o nombre de jurisdicción como elemento de entrada Cuenca (Provincia).
Unidad subordinada Diputación Provincial.
9 (RLIN) 3346
852 ## - LOCALIZACIÓN
Ubicación ES-MaACL
Número de control de estantería A-12037
itemnumber 186912
Sublocalización o colección R.146826
Ubicación en estantería Depósito 1
Signatura antigua Olim: N-5042
942 ## - ELEMENTOS DE ENTRADA SECUNDARIOS (KOHA)
Fuente del sistema de clasificación o colocación Clasificación decimal universal
Tipo de ítem Koha Libro impreso
Holdings
Estatus retirado Estado de pérdida Fuente del sistema de clasificación o colocación Estado de daño No para préstamo Biblioteca de origen Biblioteca actual Ubicación en estantería Fecha de adquisición Fuente de adquisición Total de préstamos Signatura topográfica completa Código de barras Visto por última vez Precio de reemplazo Tipo de ítem Koha
    Clasificación decimal universal     Biblioteca del Ateneo de Madrid Biblioteca del Ateneo de Madrid Depósito 1 14/03/2012 Donación   N-5042 1189115 23/02/2023 23/02/2023 Libro impreso